<?xml version="1.0" encoding="UTF-8"?><?xml-stylesheet type="text/xsl" href="static/style.xsl"?><OAI-PMH xmlns="http://www.openarchives.org/OAI/2.0/" xmlns:xsi="http://www.w3.org/2001/XMLSchema-instance" xsi:schemaLocation="http://www.openarchives.org/OAI/2.0/ http://www.openarchives.org/OAI/2.0/OAI-PMH.xsd"><responseDate>2026-04-17T15:08:19Z</responseDate><request verb="GetRecord" identifier="oai:riubu.ubu.es:10259/7490" metadataPrefix="marc">https://riubu.ubu.es/oai/request</request><GetRecord><record><header><identifier>oai:riubu.ubu.es:10259/7490</identifier><datestamp>2024-07-25T07:48:58Z</datestamp><setSpec>com_10259_9476</setSpec><setSpec>com_10259.4_106</setSpec><setSpec>com_10259_2604</setSpec><setSpec>com_10259_5495</setSpec><setSpec>com_10259_5086</setSpec><setSpec>col_10259_9477</setSpec><setSpec>col_10259_5496</setSpec></header><metadata><record xmlns="http://www.loc.gov/MARC21/slim" xmlns:doc="http://www.lyncode.com/xoai" xmlns:xsi="http://www.w3.org/2001/XMLSchema-instance" xmlns:dcterms="http://purl.org/dc/terms/" xsi:schemaLocation="http://www.loc.gov/MARC21/slim http://www.loc.gov/standards/marcxml/schema/MARC21slim.xsd">
<leader>00925njm 22002777a 4500</leader>
<datafield tag="042" ind1=" " ind2=" ">
<subfield code="a">dc</subfield>
</datafield>
<datafield tag="720" ind1=" " ind2=" ">
<subfield code="a">Parra de la Parra, Sandra de la</subfield>
<subfield code="e">author</subfield>
</datafield>
<datafield tag="720" ind1=" " ind2=" ">
<subfield code="a">González, Verónica</subfield>
<subfield code="e">author</subfield>
</datafield>
<datafield tag="720" ind1=" " ind2=" ">
<subfield code="a">Solórzano Vives, Patricia</subfield>
<subfield code="e">author</subfield>
</datafield>
<datafield tag="720" ind1=" " ind2=" ">
<subfield code="a">Curiel Alegre, Sandra</subfield>
<subfield code="e">author</subfield>
</datafield>
<datafield tag="720" ind1=" " ind2=" ">
<subfield code="a">Velasco Arroyo, Blanca</subfield>
<subfield code="e">author</subfield>
</datafield>
<datafield tag="720" ind1=" " ind2=" ">
<subfield code="a">Rad Moradillo, Juan Carlos</subfield>
<subfield code="e">author</subfield>
</datafield>
<datafield tag="720" ind1=" " ind2=" ">
<subfield code="a">Barros García, Rocío</subfield>
<subfield code="e">author</subfield>
</datafield>
<datafield tag="720" ind1=" " ind2=" ">
<subfield code="a">Tamayo Ramos, Juan Antonio</subfield>
<subfield code="e">author</subfield>
</datafield>
<datafield tag="720" ind1=" " ind2=" ">
<subfield code="a">Rumbo Lorenzo, Carlos</subfield>
<subfield code="e">author</subfield>
</datafield>
<datafield tag="260" ind1=" " ind2=" ">
<subfield code="c">2022-12</subfield>
</datafield>
<datafield tag="520" ind1=" " ind2=" ">
<subfield code="a">The biological effects induced by the pollutants present in soils, together with the chemical and physical characterizations, are good indicators to provide a general overview of their quality. However, the existence of&#xd;
studies where the toxicity associated to soils contaminated with mixtures of pollutants applying both in vitro and&#xd;
in vivo models are scarce. In this work, three soils (namely, Soil 001, Soil 002 and Soil 013) polluted with&#xd;
different concentrations of hydrocarbons and heavy metals were evaluated using different organisms representative of human (HepG2 human cell line) and environmental exposure (the yeast Saccharomyces cerevisiae, the&#xd;
Gram-negative bacterium Pseudomonas putida and, for the in vivo evaluation, the annelid Enchytraeus crypticus). In&#xd;
vitro assays showed that the soluble fraction of the Soil 001, which presented the highest levels of heavy metals,&#xd;
represented a great impact in the viability of the HepG2 cells and S. cerevisiae, while organic extracts from Soils&#xd;
002 and 013 caused a slight decrease in the viability of HepG2 cells. In addition, in vivo experiments showed that&#xd;
Soils 001 and 013 affected the survival and the reproduction of E. crypticus. Altogether, these results provide a&#xd;
general overview of the potential hazards associated to three specific contaminated sites in a variety of organisms, showing how different concentrations of similar pollutants affect them, and highlights the relevance of&#xd;
testing both organic and soluble extracts when in vitro safety assays of soils are performed.</subfield>
</datafield>
<datafield tag="024" ind2=" " ind1="8">
<subfield code="a">0269-7491</subfield>
</datafield>
<datafield tag="024" ind2=" " ind1="8">
<subfield code="a">http://hdl.handle.net/10259/7490</subfield>
</datafield>
<datafield tag="024" ind2=" " ind1="8">
<subfield code="a">10.1016/j.envpol.2022.120472</subfield>
</datafield>
<datafield ind1=" " ind2=" " tag="653">
<subfield code="a">HepG2 cells</subfield>
</datafield>
<datafield ind1=" " ind2=" " tag="653">
<subfield code="a">Saccharomyces cerevisiae</subfield>
</datafield>
<datafield ind1=" " ind2=" " tag="653">
<subfield code="a">Pseudomonas putida</subfield>
</datafield>
<datafield ind1=" " ind2=" " tag="653">
<subfield code="a">Enchytraeus crypticus</subfield>
</datafield>
<datafield ind1=" " ind2=" " tag="653">
<subfield code="a">Soil contamination</subfield>
</datafield>
<datafield tag="245" ind1="0" ind2="0">
<subfield code="a">Comparative toxicological assessment of three soils polluted with different levels of hydrocarbons and heavy metals using in vitro and in vivo approaches</subfield>
</datafield>
</record></metadata></record></GetRecord></OAI-PMH>